000 00637cam a2200193 4500
008 090402n 000 0 eng u
020 _a0892032944
035 _a(Sirsi) a164647
040 _aCIP
050 _aRC 925 MUS 2003.
245 _aMusculoskeletal Medicine/
_cedited by Joseph Bernstein
260 _aRosemont III:
_bAmerican academy of Orthopaedic Surgeons,
_c2003
300 _axxiv, 490p.:
_bill.
500 _aIncludes CD-ROM
504 _aIncludes bibliographical references and Index
650 _aMusculoskeletal System - Diseases
650 _aMusculoskeletal System - Examination
700 _aBernstein, Joseph
999 _c110937
_d110937